|
|
|
|
| LEADER |
00000nab a2200000 a 4500 |
| 001 |
vtls000793861 |
| 003 |
SK-MaSNL |
| 005 |
20260302154605.0 |
| 008 |
040806c2002 xo 0 slo |
| 015 |
|
|
|a SNBRB2002/05-16086
|
| 035 |
|
|
|a CLN000145516
|
| 040 |
|
|
|a SNKBUCL
|b slo
|c SNKBUCL
|e AACR2
|
| 041 |
0 |
|
|a slo
|
| 044 |
|
|
|a xo
|c SK
|
| 080 |
|
|
|a 796.332.093.1
|2 UDC-MRF-SK2
|
| 245 |
0 |
0 |
|a Preberajú sa Košičania?
|b futbalová Mars superliga - 29. kolo
|
| 650 |
0 |
7 |
|a futbal
|x Mars superliga
|x kolo 29.
|y sezóna 2001/2002
|2 snkbucl
|9 851579
|
| 655 |
|
7 |
|a články z novín a časopisov
|2 snkbucl
|9 267496
|
| 773 |
0 |
|
|x 0139-7001
|t Šport
|g Roč. 56, č. 104 (6.5.2002), s. 6-11
|
| 850 |
|
|
|a Slovenská národná knižnica v Martine
|
| 852 |
|
|
|a SNK
|b KIS3GCP
|
| 999 |
|
|
|c 1368913
|d 1370843
|